Statistics for Districts of Nevşehir (Nevşehir'in ilçeleri).

Click here to take the quiz!

General Stats

  • This quiz has been taken 14 times
  • The average score is 6 of 8

Answer Stats

Population (Nüfus)District (İlçe)% Correct
155.968Merkez
100%
36.695Ürgüp
91%
32.477Avanos
82%
10.884Hacıbektaş
82%
19.005Acıgöl
64%
20.676Derinkuyu
55%
12.910Kozaklı
55%
21.396Gülşehir
45%

Score Distribution

Percentile by Number Answered

Percent of People with Each Score

Your Score History

You have not taken this quiz